MARC

LEADER 00000nam0a2200000 4500
001 47955
005 20250630155505.0
035 |a (RuTPU)RU\TPU\book\50146 
090 |a 47955 
100 |a 20030227d2003 m y0rusy50 ca 
101 0 |a rus 
102 |a RU 
105 |a y z 000zd 
200 1 |a Краткая хроника ТПУ: 1895-1991 гг.  |f Томский политехнический университет ; сост. И. Т. Лозовский 
210 |a Томск  |c [Б. и.]  |d 2003 
215 |a 96 с. 
300 |a Материалы из архива И. Т. Лозовского. Рукописное издание 
316 |5 63413507: 03-657  |a На с. 1 экслибрис И. Т. Лозовского 
317 |5 63413507: 03-653  |a Поступила в составе архива научного сотрудника ТПУ историка Игоря Трофимовича Лозовского 
317 |5 63413507: 03-657  |a Поступила в составе архива научного сотрудника ТПУ историка Игоря Трофимовича Лозовского 
606 1 |a Инженерное дело  |2 stltpush  |3 (RuTPU)RU\TPU\subj\12589  |9 39351 
606 1 |a Томский политехнический университет  |2 stltpush  |3 (RuTPU)RU\TPU\subj\67475  |9 83260 
610 1 |a высшее образование 
610 1 |a Сибирь 
610 1 |a Томск 
610 1 |a 20 век 
610 1 |a 19 век 
610 1 |a ТТИ 
610 1 |a Томский технологический институт 
610 1 |a ТПИ 
610 1 |a Томский политехнический институт 
610 1 |a ТПУ 
610 1 |a история 
610 1 |a архив И. Т. Лозовского 
610 1 |a Коллекция История ТПУ 
675 |a 62(09)  |v 3 
686 |a Ч484(2)72ТПУ  |2 rubbk 
702 1 |a Лозовский  |b И. Т.  |c ведущий научный сотрудник Томского политехнического университета, краевед  |f 1920-2004  |g Игорь Трофимович  |3 (RuTPU)RU\TPU\pers\22763  |4 220  |9 9791 
712 0 2 |a Томский политехнический университет  |3 (RuTPU)RU\TPU\col\376 
801 1 |a RU  |b 63413507  |c 20030227  |g PSBO 
801 2 |a RU  |b 63413507  |c 20210129  |g PSBO 
850 |a 63413507 
942 |c BK